000 00401 a2200157 4500
005 20250630061209.0
020 _a0-87840-768-5
082 _a361.61 GUE
100 _aGUESS, G. M.
245 _aCases in Public Policy Analysis
250 _a2nd Ed.
260 _aNew York,
_bGeorgetown University
_c2000.
300 _aix, 367p,: figure
_bIndex
_c23.5cm
700 _aFARNHAM, P. G.
942 _2ddc
_cBKS
999 _c6446
_d6446